000 00224nam a22000857a 4500
008 160827b xxu||||| |||| 00| 0 eng d
100 _9249
_aBlyton E
245 _aFive on Einiston Farm
260 _aLondon
_bHodder publication
_c2004
999 _c2905
_d2905